000 01052nam a2200301 ia4500
003 OSt
005 20240730104016.0
008 240730s2024 my ao j 000 0 may d
020 _a9789670081021
_qset
020 _a9789670081045
_cRM 44.50
_qpaperback
040 _aPPAK
_beng
_cPPAK
_erda
082 0 4 _223
_a306.09595
090 0 0 _a306.09595
_bSAL
_dK
100 0 _aSalamiah Abdullah,
_eauthor.
245 1 0 _aAdat Resam Masyarakat India /
_cSalamiah Abdullah
264 1 _aKulai, Johor :
_bPUSTAKA NENAS,
_c2024
300 _a48 pages :
_bcolour photographs ;
_c26 cm
336 _atext
_2rdacontent
337 _aunmediated
_2rdamedia
338 _avolume
_2rdacarrier
490 1 _aRESAM MASYARAKAT MALAYSIA
650 1 0 _aCulture
_zMalaysia
_vJuvenile literature
650 2 0 _aIndian (Asian people)
_zMalaysia
_vJuvenile literature
651 0 _aMalaysia
_xSocial life and customs
_vJuvenile literature
651 0 _aMalaysia
_xHistory
_vJuvenile literature
830 0 _aResam masyarakat Malaysia
942 _2ddc
_cB
999 _c196375
_d196375